00879nam a2200265Ia 450000500170000001000260001702000260004303500130006903500170008203500130009903700190011203700130013108200080014410000190015224500580017125000120022926000320024127000550027330000500032850000190037852000870039760000300048465000510051465000480056520170728111445.0 aBAC-EN21 ENG-112015 a9788174369383c295.00 aEN-95547 aB-581026-057 aB-667351 bAakar/Venadpl bDBAD/PUB a921 a Nag, Kingshuk aThe Namo story :cby Kingshuk Nagba political life / arev. ed c2014aNew DelhibRoli Books aM-75, Greater Kailash II MarketbNew Delhie110048 c22cm(pbk)axiv,206p.8 pages of plates :bill. aIncludes index aPolitical biography of Narendra Modi, born 1950, chief minister of Gujarat, India. aModì„, Narendra, d1950- a Chief ministersz IndiazGujaratv Biography. aPoliticians zIndia zGujarat v Biography.